| 000 | 00531cam a2200205ua 4500 | ||
|---|---|---|---|
| 001 | 622 | ||
| 005 | 20260515113211.0 | ||
| 008 | 110412n ii |||gr||||Z||||||eng | ||
| 020 | _a81-212-0118-7 | ||
| 040 | _cMAIN | ||
| 082 | _a327.54 | ||
| 245 | 1 |
_aIndian wisdom and international peace _cby R.N.Vyas |
|
| 250 | _a1st. | ||
| 260 |
_aDelhi: _bGian publishing house,987. |
||
| 300 | _a176p:0cm. | ||
| 653 | _aPolitical science | ||
| 653 | _aIndian wisdom and international peace | ||
| 700 |
_aVyas, R.N., _eAuthor. |
||
| 942 | _cBK | ||
| 999 |
_c552 _d552 |
||